name the Nike SB dunk low 3 - Statistics

General Stats
  • This quiz has been taken 11 times
  • The average score is 5 of 16
Answer Stats
Picture Answer % Correct
Ebay
89%
7-Eleven
78%
Paris
67%
Ms Pacman
44%
St Patrick's Day
44%
Candy Cane
33%
Supreme
33%
Gibson
22%
Newcastle brown ALE
22%
Barcelona
11%
Day of the Dead
11%
Loon
11%
Mosquito
11%
Appetite for Destruction
0%
Cinco de Mayo
0%
Supersonics
0%
No matching quizzes found
Score Distribution
Percent of People with Each Score
Percentile by Number Answered
Your Score History
You have not taken this quiz